000 00578nam a22002177a 4500
003 UA-OsUOA
001 87676
007 ta
008 20120920b un ||||| |||| 00| 0 ukr d
100 _aМалаховский К. В.
090 _a94(94)
_bМ18
942 _cBK
040 _aUA-OsUOA
_brus
_cUA-OsUOA
_dUA-OsUOA
245 _aИстория австралийского союза
300 _a372 с.
955 _a2
041 _arus
080 _a94(94)
260 _aМ.
_bНаука
_c1971
650 7 _a9 Географія. Біографії. Історія
_2UDC
999 _c373688
_d373688